Normal view
MARC view
Entry Personal Name
001 - CONTROL NUMBER
- control field: 16794
003 - CONTROL NUMBER IDENTIFIER
- control field: BD-RjUL
005 - DATE AND TIME OF LATEST TRANSACTION
- control field: 20250907114229.0
008 - FIXED-LENGTH DATA ELEMENTS
- fixed length control field: 250907|| aca||aabn | a|a d
040 ## - CATALOGING SOURCE
- Original cataloging agency: BD-RjUL
- Transcribing agency: BD-RjUL
100 ## - HEADING--PERSONAL NAME
- Personal name: احمد، ظهور الدىن ;; Aḥmad, Ẓuhūr al-Dīn
- Dates associated with a name: 1914
670 ## - SOURCE DATA FOUND
- Source citation: Work cat.: (BD-RjUL)85652: احمد، ظهور الدىن ;; Aḥmad, Ẓuhūr al-Dīn 1914, نىا ايرانى ادب / Niyā Īrānī adab /, 1967